000
00232nam a22000857a 4500
008
160914b xxu||||| |||| 00| 0 eng d
100
_9
430
_a
Wason.V.
245
_a
Financial Statements-XII
260
_a
New Delhi
_b
S. Chand Publications
_c
2011
999
_c
3089
_d
3089